Normal view
MARC view
- Verdi, Giuseppe,
Entry Nombre Personal
001 - NUMERO DE CONTROL
- campo de control: 10454
003 - IDENTIFICADOR DE NUMERO DE CONTROL
- campo de control: MX-MxUPN
005 - FECHA Y HORA DE LA ÜLTIMA TRANSACCIÓN
- campo de control: 20260306124037.0
008 - DATOS DE LONGITUD FIJA
- campo de control de longitud fija: 260306nn acnnnaabn a ana |d
035 ## - NUMERO DE CONTROL
- Número de control: UPN10000010461
040 ## - FUENTE DE CATALOGACIÓN
- Agencia original de catalogación: MX-MxUPN
- Lenguaje de catalogación: spa
053 #4 - NÚMERO DE CLASIFICACIÓN LC
- Número de clasificación elemento-número único o número inicial de tramo: ML410 V4
100 1# - ENCABEZAMIENTO - NOMBRE PERSONAL
- Nombre personal: Verdi, Giuseppe,
- Fechas asociadas con el nombre: 1813-1901
400 1# - VEÁSE - NOMBRE DE PERSONA
- Personal name: Verdi, Fortunino Giuseppe Francesco,
- Dates associated with a name: 1813-1901
400 1# - VEÁSE - NOMBRE DE PERSONA
- Personal name: Verdis, Déz.,
- Dates associated with a name: 1813-1901
400 1# - VEÁSE - NOMBRE DE PERSONA
- Personal name: Wei’erdi,
- Dates associated with a name: 1813-1901
670 ## - FUENTE EN LA QUE SE LOCALIZARON DATOS
- Cita de la fuente: Autoridades LIBRUNAM, 6 marzo 2026 :
- Información localizada: (Verdi, Giuseppe, 1813-1901)
- Uniform Resource Identifier: https://librunam.dgb.unam.mx/
902 ## - CATALOGADOR
- Catalogador: MCM/170908
- Catalogador: VíctorGodínez/060326
